000 00270nam a2200109Ia 4500
008 220120s9999||||xx |||||||||||||| ||und||
100 _aRao, Shankar, G
245 0 _aMathematical foundations and statistics
260 _bNew Delhi
300 _b0
650 _aMATHEMATICS
999 _c136709
_d136709